000 00733nam a22001937a 4500
003 MX-MxUPN
005 20260512100338.0
008 260512b2005 fr| ||| r|||| 000 0 spa d
040 _aMX-MxUPN
_bspa
041 0 _afre
050 4 _aAS4 U8
_bP764 2005
245 0 3 _aLe Programme de Participation entre réalisme et ambition :
_bhistoires réussies
260 _aParis :
_bOrganisation des Nations Unies pour l´´education, la science et la culture, Section du Programme de Participation
_c2005
300 _a40 páginas :
_bfotografías a color
610 2 0 _aUnesco.
_bParticipation Programme
_953770
710 2 _aUnesco.
_bParticipation Programme
_953770
_eedición
902 _aVíctorGodínez/120526
942 _2lcc
_cFOLL
999 _c215064
_d215064